All soccer teams that have never been relegated from the top 5 leagues - Statistics

General Stats
  • This quiz has been taken 167 times
  • The average score is 11 of 16
Answer Stats
League Answer % Correct
Bundesliga Bayern Munich
98%
Premier League Manchester United
97%
Premier League Arsenal
94%
LaLiga Real Madrid
94%
Premier League Chelsea
93%
Premier League Tottenham Hotspur
93%
LaLiga Barcelona
91%
Premier League Liverpool
91%
Serie A Inter Milan
90%
Ligue 1 PSG
89%
Premier League Everton
76%
LaLiga Athletic Bilbao
57%
Bundesliga VfL Wolfsburg
46%
Bundesliga Bayer Leverkusen
32%
Bundesliga TSG 1899 Hoffenheim
4%
Serie A Sassulo
2%
No matching quizzes found
Score Distribution
Percent of People with Each Score
Percentile by Number Answered
Your Score History
You have not taken this quiz